Minecraft Mobs: Fox - Statistics

General Stats
  • This quiz has been taken 6 times
  • The average score is 8 of 10
Answer Stats
Question Answer % Correct
What is an adult fox's width in blocks? 0.6
100%
What is an adult fox's height in blocks? 0.7
100%
How many health points does a fox have? 10
100%
What is one mob that a fox attacks? Chicken | Cod | Rabbit | Salmon | Tropical Fish | Baby Turtle
100%
What is one mob that is hostile towards foxes? Polar Bear | Wolf
100%
What is one item that a fox can spawn with? Egg | Emerald | Feather | Leather | Rabbit Hide | Rabbit's Foot | Wheat
83%
What is one biome a snowy fox can spawn in? Grove | Snowy Taiga
83%
What is one biome a red fox can spawn in? Old Growth Pine Taiga | Old Growth Spruce Taiga | Taiga
83%
What item can be used to breed foxes? Sweet Berries
67%
What entity stops foxes from sleeping when within 12 blocks? Armor Stand
17%
No matching quizzes found
Score Distribution
Percent of People with Each Score
Percentile by Number Answered
Your Score History
You have not taken this quiz